Fr. Conceicao Rodrigues College of Engineering

Engineering Education and Technology : Quest for New Horizon (Record no. 17865)

MARC details
000 -LEADER
fixed length control field 00351nam a2200145Ia 4500
100 ## - MAIN ENTRY--PERSONAL NAME
Personal name Husain K.
245 ## - TITLE STATEMENT
Title Engineering Education and Technology : Quest for New Horizon
260 ## - PUBLICATION, DISTRIBUTION, ETC.
Name of publisher, distributor, etc. Dharma Sastha printing
Place of publication, distribution, etc. Bombay
Date of publication, distribution, etc. 1995
300 ## - PHYSICAL DESCRIPTION
Extent 179
546 ## - LANGUAGE NOTE
Language note ENGLISH
650 ## - SUBJECT ADDED ENTRY--TOPICAL TERM
Topical term or geographic name entry element General
654 ## - SUBJECT ADDED ENTRY--FACETED TOPICAL TERMS
Focus term Engineering
942 ## - ADDED ENTRY ELEMENTS (KOHA)
Koha item type BOOK
Holdings
Withdrawn status Lost status Damaged status Not for loan Collection Home library Current library Date acquired Cost, normal purchase price Total Checkouts Full call number Barcode Date last seen Cost, replacement price Price effective from Koha item type
        CRC Fr. Agnel's C.Rodrigues College of Engineering Fr. Agnel's C.Rodrigues College of Engineering 17/03/2023 150.00   7200 17/03/2023 150.00 17/03/2023 BOOK
        CRC Fr. Agnel's C.Rodrigues College of Engineering Fr. Agnel's C.Rodrigues College of Engineering 17/03/2023 150.00   7201 17/03/2023 150.00 17/03/2023 BOOK